000 00498cam a2200205ua 4500
001 7932
005 20260515114254.0
008 150102n ii |||gr||||Z||||||hin
040 _cMAIN
041 _ahin
082 _a891.431
100 _aSingh, I. R.,
_eAuthor.
245 1 _aKav9i muktibodh
_cBy Ila Rani Singh
250 _a1st.
260 _aKolkatta:
_bLok sahitya,
_c1988.
300 _a206p.
653 _aEast Indo-European & Celtic literatures
653 _aHindi poems
942 _cBK
999 _c7047
_d7047